Every Asian Country to Capital - Click Quiz - Statistics

General Stats
  • This quiz has been taken 600 times
  • The average score is 38 of 48
Answer Stats
Hint Answer % Correct
Tokyo Japan
96%
Beijing China
94%
Kuwait City Kuwait
94%
Singapore Singapore
94%
Seoul South Korea
94%
Jerusalem Israel
93%
New Delhi India
92%
Pyongyang North Korea
91%
Tehran Iran
90%
Manila Philippines
90%
Taipei Taiwan
90%
Bangkok Thailand
90%
Jakarta Indonesia
89%
Ankara Turkey
89%
Kuala Lumpur Malaysia
88%
Hanoi Vietnam
88%
Abu Dhabi United Arab Emirates
87%
Baghdad Iraq
86%
Kabul Afghanistan
85%
Beirut Lebanon
85%
Islamabad Pakistan
85%
Riyadh Saudi Arabia
85%
Sri Jayawardenepura Kotte Sri Lanka
85%
Ulaanbaatar Mongolia
83%
Kathmandu Nepal
83%
Nicosia Cyprus
81%
Damascus Syria
81%
Tbilisi Georgia
79%
Phnom Penh Cambodia
78%
Doha Qatar
78%
Dhaka Bangladesh
75%
Baku Azerbaijan
74%
Amman Jordan
74%
Male Maldives
74%
Muscat Oman
73%
Vientiane Laos
70%
Sana'a Yemen
70%
Yerevan Armenia
69%
Dili East Timor
67%
Naypyidaw Myanmar
63%
Thimphu Bhutan
62%
Nur-Sultan Kazakhstan
62%
Manama Bahrain
59%
Bandar Seri Begawan Brunei
59%
Tashkent Uzbekistan
56%
Ashgabat Turkmenistan
52%
Bishkek Kyrgyzstan
51%
Dushanbe Tajikistan
48%
No matching quizzes found
Score Distribution
Percent of People with Each Score
Percentile by Number Answered
Your Score History
You have not taken this quiz